书目信息 |
| 题名: |
核反应堆的数值计算法
|
|
| 作者: | Марчук , 马尔丘克 著 ;飞跃 译 | |
| 分册: | ||
| 出版信息: | 北京 科学出版社 1959 |
|
| 页数: | 348页 | |
| 开本: | 18cm | |
| 丛书名: | 原子能译丛 | |
| 单 册: | ||
| 中图分类: | TL31 | |
| 科图分类: | ||
| 主题词: | 数值计算-反应堆--计算方法 , 反应堆-数值计算--计算方法 , 反应堆--基础理论 | |
| 电子资源: | ||
| ISBN: | ||
| 000 | 01129nam0 2200337 45 981 | |
| 001 | 0640991745 | |
| 005 | 20060728083654.71 | |
| 010 | @dCNY1.90 | |
| 091 | @a13031.1171 | |
| 100 | @a19960524d1959 emky0chiy0121 ea | |
| 101 | 1 | @achi@crus |
| 102 | @aCN@b110000 | |
| 105 | @afa z 000yy | |
| 106 | @ar | |
| 200 | 10 | @a核反应堆的数值计算法@f(苏)马尔丘克,Т.И.著@g飞跃译@Ahe fan ying dui de shuo zhi ji suan fa |
| 210 | @a北京@c科学出版社@d1959 | |
| 215 | @a348页@c表,图@d18cm | |
| 225 | 2 | @a原子能译丛@v第五期 |
| 300 | @a据1958年俄文版译出 | |
| 300 | @a译自:Числнные месолы расчета ядечеых реакторов | |
| 410 | 0 | @1 20010@a原子能译丛 |
| 517 | 1 | @aЧислнные месолы расчета ядечеых реакторов@zrus |
| 606 | @a数值计算-反应堆@x计算方法 | |
| 606 | @a反应堆-数值计算@x计算方法 | |
| 606 | 0 | @a反应堆@x基础理论 |
| 690 | @aTL31@v3 | |
| 701 | A1 | @aМарчук@bТ.И.@f苏@4著@AМарчук |
| 701 | @a马尔丘克@bТ.И.@f苏@4著@Ama er qiu ke | |
| 702 | 0 | @a飞跃@4译@Afei yue |
| 801 | 0 | @c20060728 |
| 905 | @a10447@dTL31@e24 | |
| 核反应堆的数值计算法/(苏)马尔丘克,Т.И.著/飞跃译.-北京:科学出版社,1959 |
| 348页:表,图;18cm .-(原子能译丛;第五期 ) |
| 据1958年俄文版译出.-译自:Числнные месолы расчета ядечеых реакторов |
| ISBN :CNY1.90 |
| ● |
| 相关链接 |
|
|
|
|
正题名:核反应堆的数值计算法
索取号:TL31/24
 
预约/预借
| 序号 | 登录号 | 条形码 | 馆藏地/架位号 | 状态 | 备注 |
| 1 | 0438759 | 204387591 | 密集书库/ [索取号:TL31/24] | 在馆 |